000 00817 a2200205 4500
001 37791
005 20260407155644.0
008 260407a1971 arg spa d
003 AR-UNSa-BCEJYS
040 _aAR-UNSa-BCEJYS
_bspa
_cAR-UNSa-BCEJYS
080 _a519.2
_xProbabilidades y estadística matemática
245 1 0 _aTeoría y problemas de probabilidad
264 1 _aMéxico :
_bMcGraw-Hill
_c1971
300 _a151 p.
_c26 cm.
505 _a1. Teoría de los conjuntos - 2. Técnicas de contar - 3. Introducción a la probabilidad - 4. Probabilidad condicional e independencia - 5. Variables aleatorias - 6. Distribuciones binomial, normal y de poisson - 7. Cadenas de Markov
942 _cBK
590 _aniveau_biblio:m niveau_hierar:0
100 1 _aLipschutz, Seymour
700 1 _aFerro Duque, Alfredo
999 _c2798
_d2798